Material information – what to know and what happens next (Record no. 121728)
[ view plain ]
| 000 -LEADER | |
|---|---|
| fixed length control field | 01232nam a22002177a 4500 |
| 008 - FIXED-LENGTH DATA ELEMENTS--GENERAL INFORMATION | |
| fixed length control field | 231207s2023 xxk|||||o|||| 00| 0 eng d |
| 041 ## - LANGUAGE CODE | |
| Language code of text/sound track or separate title | eng |
| 110 ## - MAIN ENTRY--CORPORATE NAME | |
| Corporate author | Royal Institution of Chartered Surveyors |
| 245 ## - TITLE STATEMENT | |
| Title | Material information – what to know and what happens next |
| Medium | [Electronic resource] |
| 260 ## - PUBLICATION INFORMATION | |
| Place of publication | London, |
| Publisher | Royal Institution of Chartered Surveyors, |
| Date | 30 November 2023 |
| 300 ## - PHYSICAL DESCRIPTION | |
| Physical description | online news article |
| 520 ## - ABSTRACT | |
| Abstract | Whilst RICS recognises the principles to provide greater clarity on material information, we also recognise there are challenges within the new guidance. Material information is no substitute for professional advice, and consumers should be aware that the information collected as part of the new guidance may not accurately reflect the full extent of the property condition which would be covered through a home survey. |
| 650 ## - KEYWORDS | |
| Keywords | RESIDENTIAL PROPERTY |
| 650 ## - KEYWORDS | |
| Keywords | MATERIAL INFORMATION |
| 650 ## - KEYWORDS | |
| Keywords | ESTATE AGENCY |
| 651 ## - SUBJECT ADDED ENTRY--GEOGRAPHIC NAME | |
| Geographic name | United Kingdom |
| 690 ## - BROAD SUBJECT | |
| 9 (RLIN) | 6266 |
| Broad subject | Residential property |
| 710 ## - ADDED CORPORATE NAME | |
| Added corporate author | Royal Institution of Chartered Surveyors |
| 856 ## - ONLINE RESOURCE | |
| Uniform Resource Identifier | <a href="https://www.rics.org/news-insights/material-information-what-to-know-and-what-happens-next">https://www.rics.org/news-insights/material-information-what-to-know-and-what-happens-next</a> |
| Public note | Available free on RICS.org |
| 942 ## - ADDED ENTRY ELEMENTS (KOHA) | |
| Suppress in OPAC | Do not suppress in OPAC |
| Lost status | Damaged status | Not for loan | Current library | Shelving location | Date acquired | Total Checkouts | Date last seen | Price effective from | Koha item type |
|---|---|---|---|---|---|---|---|---|---|
| Virtual | Online | 07/12/2023 | 07/12/2023 | 07/12/2023 | News article |